|
|
|
|
| LEADER |
02983nam a22006015i 4500 |
| 001 |
978-3-662-45483-1 |
| 003 |
DE-He213 |
| 005 |
20151111193418.0 |
| 007 |
cr nn 008mamaa |
| 008 |
141017s2014 gw | s |||| 0|eng d |
| 020 |
|
|
|a 9783662454831
|9 978-3-662-45483-1
|
| 024 |
7 |
|
|a 10.1007/978-3-662-45483-1
|2 doi
|
| 040 |
|
|
|d GrThAP
|
| 050 |
|
4 |
|a QA76.9.C643
|
| 050 |
|
4 |
|a TK5105.5-5105.9
|
| 072 |
|
7 |
|a UT
|2 bicssc
|
| 072 |
|
7 |
|a COM067000
|2 bisacsh
|
| 082 |
0 |
4 |
|a 004.6
|2 23
|
| 245 |
1 |
0 |
|a High Performance Computing
|h [electronic resource] :
|b First HPCLATAM - CLCAR Latin American Joint Conference, CARLA 2014, Valparaiso, Chile, October 20-22, 2014. Proceedings /
|c edited by Gonzalo Hernández, Carlos Jaime Barrios Hernández, Gilberto Díaz, Carlos García Garino, Sergio Nesmachnow, Tomás Pérez-Acle, Mario Storti, Mariano Vázquez.
|
| 264 |
|
1 |
|a Berlin, Heidelberg :
|b Springer Berlin Heidelberg :
|b Imprint: Springer,
|c 2014.
|
| 300 |
|
|
|a XIV, 255 p. 99 illus.
|b online resource.
|
| 336 |
|
|
|a text
|b txt
|2 rdacontent
|
| 337 |
|
|
|a computer
|b c
|2 rdamedia
|
| 338 |
|
|
|a online resource
|b cr
|2 rdacarrier
|
| 347 |
|
|
|a text file
|b PDF
|2 rda
|
| 490 |
1 |
|
|a Communications in Computer and Information Science,
|x 1865-0929 ;
|v 485
|
| 505 |
0 |
|
|a Grid and cloud computing -- HPC architectures and tools -- Parallel programming -- Scientific computing.
|
| 520 |
|
|
|a This book constitutes the refereed proceedings of the First HPCLATAM - CLCAR Joint Latin American High Performance Computing Conference, CARLA 2014, held in Valparaiso, Chile, in October 2014. The 17 revised full papers and the one paper presented were carefully reviewed and selected from 42 submissions. The papers are organized in topical sections on grid and cloud computing; HPC architectures and tools; parallel programming; scientific computing.
|
| 650 |
|
0 |
|a Computer science.
|
| 650 |
|
0 |
|a Computer software
|x Reusability.
|
| 650 |
|
0 |
|a Computer organization.
|
| 650 |
|
0 |
|a Computer system failures.
|
| 650 |
|
0 |
|a Computers.
|
| 650 |
1 |
4 |
|a Computer Science.
|
| 650 |
2 |
4 |
|a Computer Systems Organization and Communication Networks.
|
| 650 |
2 |
4 |
|a System Performance and Evaluation.
|
| 650 |
2 |
4 |
|a Computing Methodologies.
|
| 650 |
2 |
4 |
|a Performance and Reliability.
|
| 700 |
1 |
|
|a Hernández, Gonzalo.
|e editor.
|
| 700 |
1 |
|
|a Barrios Hernández, Carlos Jaime.
|e editor.
|
| 700 |
1 |
|
|a Díaz, Gilberto.
|e editor.
|
| 700 |
1 |
|
|a García Garino, Carlos.
|e editor.
|
| 700 |
1 |
|
|a Nesmachnow, Sergio.
|e editor.
|
| 700 |
1 |
|
|a Pérez-Acle, Tomás.
|e editor.
|
| 700 |
1 |
|
|a Storti, Mario.
|e editor.
|
| 700 |
1 |
|
|a Vázquez, Mariano.
|e editor.
|
| 710 |
2 |
|
|a SpringerLink (Online service)
|
| 773 |
0 |
|
|t Springer eBooks
|
| 776 |
0 |
8 |
|i Printed edition:
|z 9783662454824
|
| 830 |
|
0 |
|a Communications in Computer and Information Science,
|x 1865-0929 ;
|v 485
|
| 856 |
4 |
0 |
|u http://dx.doi.org/10.1007/978-3-662-45483-1
|z Full Text via HEAL-Link
|
| 912 |
|
|
|a ZDB-2-SCS
|
| 950 |
|
|
|a Computer Science (Springer-11645)
|